000 00652nam a2200217Ia 4500
003 GCL
008 140319s9999 xx 000 0 ara d
040 _aGCL /
_cGCL
082 0 4 _a214
_bم س
100 1 _aمحمود محمد ربيع
245 1 0 _aسؤال كبير لماذا الاسلام؟ /
_cمحمود محمد ربيع
260 _aالقاهرة :
_bالهيئة المصرية العامة للكتاب ،
_c1988
300 _a186 ص ؛
_c24 سم
490 _a
650 0 4 _aالاسلام
650 0 4 _aالعقيدة
650 0 4 _aالحضارة
650 0 4 _aالايمان
650 0 4 _aالديانات
942 _2ddc
_cBK
999 _c29540
_d29540